Quizzes
Events
Quiz Creation
Community
Videos
Private Events
Remove Ads
Sign In
Join for FREE
Feedback
Dark Mode
Quiz Categories
Sports
Geography
Music
Movies
Television
Just For Fun
Miscellaneous
History
Literature
Language
Science
Gaming
Entertainment
Religion
Holiday
For Kids
Quiz Lab
Recent
Popular Today
Quiz Kudos Today
Editor Picks
Curator Picks
Quizzes by...
Day
Popularity
Type
Ratings
Length
Year
Community
Subscriptions
Recent Discussions
Orange Saloon
Badges
Playlists
Quests
Create
Leaderboards
Showdown
Live 5
Trivia Bingo
Activity
Puzzle Library
Sporcle Events
Private Events
Virtual Trivia
Globe League
Become a Host
Pub Owners
SporcleCon
Opinionation
Our Games
Videos
Blog
Mobile Apps
Partnerships
Remove Ads and Go Orange
Feedback
Television
TV Characters
TV Show
Sitcom
Network
Friends
Reality Shows
Cast
South Park
Star Trek
The Simpsons
Doctor Who
Television
TV Characters
TV Show
Sitcom
Network
Friends
Reality Shows
Cast
South Park
Star Trek
The Simpsons
Doctor Who
Random Quiz
Search Sporcle
×
Quiz Lab
Quiz Lab
Television
Star Wars
Type in answers that appear in a list
Type in answers that appear in a list
Classic
Best Score? Go Orange.
Star Wars Family Guy Characters Stats
Can you name the Star Wars Family Guy Characters?
By
petris257
11m
14 Questions
419 Plays
419 Plays
419 Plays
Comments
Comments
Give Quiz Kudos
Give Quiz Kudos
-
- Ratings
hide this ad
More Info
Random Order
Randomize order of answers
Randomize order of answers
Replay
Link that replays current quiz
Next Quiz
Link to next quiz in quiz playlist
You Got
0%
They Got
Avg Score
66%
Avg Friend Score
Upgrade to see
Score Distribution
Jump to the score distribution portion of the page
Score
0/14
Timer
11:00
0
Plays Today
% Correct
Peter Griffin
98.6%
Chris Griffin
94.5%
Lois Griffin
94.3%
Stewie Griffin
93.1%
Meg Griffin
84.5%
Brian Griffin
84.5%
Glenn Quagmire
77.6%
% Correct
Herbert
74.2%
Cleveland Brown
73.3%
Carl
48%
Ernie The Giant Chicken
42.7%
Joe Swanson
41.5%
Neil Goldman
19.8%
Carter Pewterschidt
4.3%
Quiz Playlist
Details
Report
Send in Message
Add To Playlist
More Info:
Family Guy Has Done Star Wars episodes name th Family Guy characters who played as the Star Wars characters
Classic:
Type in answers that appear in a list
Random Order:
Randomize order of answers
Last Updated: Apr 5, 2017
Quiz Scoreboard
CHALLENGE
Sign Up to Join the Scoreboard
Show All
Scores
Hide
Comments
May contain spoilers
Recently Published
Movies - When Are They Set?
by FPL_Elf
Movies
5m
Popular People in 1961
by mucciniale
History
6m
1-10 Letter E Words III
by El_Dandy
Language
2m
More to Explore
Quiz From the Vault
Featured Blog Post
Where Did the Easter Bunny Come From?
hide this ad
You Might Also Like...
Tags
Star Wars Quiz
War Quiz
Character
Family
Guy
Guy Characters
star
Today's Top Quizzes in Television
Browse Television
hide this ad
Today's Top Quizzes in Star Wars
Browse Star Wars
Top Contributed Quizzes in Television
1
One Piece Logic Puzzle
2
Survivor Logic Puzzle: Heroes vs. Villains
3
Survivor Seasons
4
Survivor Season by Logo
5
Survivor Trivia
6
One Thing in Common: Television
7
Who Wants to Be a Millionaire?
8
Survivor Logic Puzzle: Winners at War
9
Ultimate Survivor Logic Puzzle
10
Phoebe Buffay Quotes
Explore More
Trending Topics
Crossword
Anime
Harry Potter
NBA
Marvel
Disney
Kpop
Country
Soccer
NFL
Puzzle
The Office
Pokémon
Song
WWE
hide this ad
More By:
petris257
Quiz
Plays
Rating
Category
Featured
Created
Every Disney And Pixar Movie
786
1.20
Movies
Aug 1, 2010
Jeff Dunham Puppets
569
3.67
Entertainment
Oct 4, 2010
Family Guy Questionare
511
1.64
Television
Sep 1, 2010
Star Wars Family Guy Characters
419
1.33
Television
Sep 1, 2010
Cartoon Network Shows By Character
416
Television
Oct 4, 2010
Go to Creator's Profile
Score Distribution
Quiz Creator Spotlight
petris257
Follow
Send a Message
Quizzes Created
-
Created Quiz Play Count
-
More By This Creator
Popular Quizzes Today
1
Find the Countries of Europe - No Outlines Minefield
2
Find the US States - No Outlines Minefield
3
The Countries of the World
4
Popular People in 1961
5
US States
6
1-10 Letter E Words III
7
Find the US States
8
One Thing in Common: World Cities II
More Television Quizzes
'The' Office Episodes
Curator's Pick
Trending Quizzes
Risky Map Clicking: Least Populous States A-Z
1-10 Letter F Words
Humor Books: The Subtitles
1-10 Letter G Words
One Thing in Common: United Kingdom
Recently Updated
Leaping Animals
pecheneg
Reality TV Shows (A-Z)
bhenderson79
Rickey Henderson's Hall of Fame Teammates
pecheneg
Champions League XIs: Arsenal
pecheneg
Quick Pick: Celebrities in WWE's Hall of Fame
aduchscher
A-Z Keypad Blitz II
pecheneg
Multiple Oscar Actors
pecheneg
Mystery Phrase Blitz: Oscar 'Best Actors'
pecheneg
F. Scott Fitzgerald Novels
LTH
Pick 3 Villains
ddd62291
Trending Topics
NBA
Crossword
Kpop
Harry Potter
Anime
Marvel
Disney
Puzzle
NFL
Soccer
Country
Pokémon
The Office
WWE
Song
Your Account Isn't Verified!
In order to create a playlist on Sporcle, you need to verify the email address you used during registration. Go to your
Sporcle Settings
to finish the process.
Report this User
Report this user for behavior that violates our
Community Guidelines
.
Details:
Send Report
Go to the Sporcle.com Mobile Site →
Comments